[Event "Ankara Baskent Univ op 4th"]
[Site "Ankara"]
[Date "2019.06.21"]
[Round "7"]
[White "Aydincelebi, Kagan"]
[Black "Grigoriev, Armen"]
[Result "1-0"]
[WhiteElo "2258"]
[BlackElo "1986"]
[PlyCount "103"]
[EventDate "2019.06.17"]
[EventType "swiss"]
[EventRounds "9"]
[EventCountry "TUR"]
[SourceTitle "CBM 191 Extra"]
[Source "ChessBase"]
[SourceDate "2019.09.30"]
[SourceVersion "1"]
[SourceVersionDate "2019.09.30"]
[SourceQuality "1"]

1. e4 e5 2. Nf3 Nc6 3. Bb5 a6 4. Ba4 d6 5. 0-0 Bd7 6. c3 g6 7. d4 Bg7 8. Be3 Nf6 9. d5 Ne7 10. Bxd7+ Qxd7 11. Nfd2 0-0 12. f3 Nh5 13. c4 f5 14. Nc3 Nf4 15. Kh1 Rf7 16. c5 fxe4 17. fxe4 dxc5 18. Bxc5 b6 19. Be3 Raf8 20. Bxf4 Rxf4 21. Rxf4 Rxf4 22. Qe2 a5 23. Rd1 Nc8 24. Nc4 Nd6 25. Nxd6 Qxd6 26. Qc4 Rf7 27. Nb5 Qb4 28. Qxb4 axb4 29. g3 Bf8 30. Kg2 Kg7 31. Rf1 Rd7 32. Kf3 Bc5 33. Ke2 h5 34. h3 Be7 35. Na7 c5 36. Nc6 Bd6 37. a4 bxa3 38. bxa3 b5 39. Rb1 c4 40. Rxb5 Bxa3 41. Nxe5 Rc7 42. Nc6 c3 43. Kd3 Bd6 44. Kxc3 Bxg3 45. Kd4 g5 46. e5 g4 47. hxg4 h4 48. Ke3 Kg6 49. d6 Rxc6 50. d7 Rc3+ 51. Kd2 Be1+ 52. Ke2 1-0

[Event "Ankara Baskent Univ op 4th"]
[Site "Ankara"]
[Date "2019.06.19"]
[Round "5"]
[White "Guliev, Logman"]
[Black "Grigoriev, Armen"]
[Result "1-0"]
[WhiteElo "2320"]
[BlackElo "1986"]
[PlyCount "51"]
[EventDate "2019.06.17"]
[EventType "swiss"]
[EventRounds "9"]
[EventCountry "TUR"]
[SourceTitle "CBM 191 Extra"]
[Source "ChessBase"]
[SourceDate "2019.09.30"]
[SourceVersion "1"]
[SourceVersionDate "2019.09.30"]
[SourceQuality "1"]

1. e4 Nf6 2. e5 Nd5 3. d4 d6 4. Nf3 Bg4 5. Be2 e6 6. 0-0 Be7 7. h3 Bh5 8. c4 Nb6 9. Nc3 0-0 10. Be3 Nc6 11. exd6 cxd6 12. b3 d5 13. c5 Nc8 14. b4 a6 15. Rb1 Bf6 16. a4 Bg6 17. Rb2 N8e7 18. b5 axb5 19. axb5 Na5 20. Bf4 Nc4 21. Bxc4 dxc4 22. Bd6 Re8 23. Ne5 Bd3 24. Nxd3 Bxd4 25. Ne2 Bf6 26. Ne5 1-0

[Event "Izmir op 17th"]
[Site "Izmir"]
[Date "2018.09.11"]
[Round "4"]
[White "Grigoriev, Armen"]
[Black "Ozkurt, Deniz"]
[Result "1-0"]
[WhiteElo "2067"]
[BlackElo "1649"]
[PlyCount "81"]
[EventDate "2018.09.09"]
[EventType "swiss"]
[EventRounds "9"]
[EventCountry "TUR"]
[SourceTitle "CBM 186 Extra"]
[Source "ChessBase"]
[SourceDate "2018.08.24"]
[SourceVersion "1"]
[SourceVersionDate "2018.08.24"]
[SourceQuality "1"]

1. e4 d5 2. Nc3 d4 3. Nce2 e5 4. Ng3 Be6 5. Nf3 Nd7 6. Be2 f6 7. d3 Bb4+ 8. Nd2 Ne7 9. Bg4 Nc5 10. 0-0 Bxd2 11. Bxd2 Qd7 12. h3 Bxg4 13. hxg4 Ne6 14. Nf5 Ng6 15. g3 0-0-0 16. a4 Kb8 17. a5 Ne7 18. Kg2 g6 19. Nxe7 Qxe7 20. Rh1 Qf7 21. Qf3 Rdf8 22. Rh6 Qd7 23. Rah1 f5 24. gxf5 gxf5 25. exf5 Rxf5 26. Qe2 Rhf8 27. Rf1 Nf4+ 28. Bxf4 exf4 29. Qe6 Qd8 30. g4 f3+ 31. Kh3 R5f6 32. Rxf6 Rxf6 33. Qe5 Rf8 34. Re1 Rg8 35. Qe7 Qc8 36. Qe6 Qd8 37. Re5 Qf8 38. a6 b6 39. Rf5 Qg7 40. Qe4 c6 41. Qf4+ 1-0

[Event "Kesan op 16th"]
[Site "Kesan"]
[Date "2018.08.17"]
[Round "9"]
[White "Arat, Ufuk Sezen"]
[Black "Grigoriev, Armen"]
[Result "1/2-1/2"]
[WhiteElo "2386"]
[BlackElo "2079"]
[PlyCount "238"]
[EventDate "2018.08.12"]
[EventType "swiss"]
[EventRounds "9"]
[EventCountry "TUR"]
[SourceTitle "CBM 186 Extra"]
[Source "ChessBase"]
[SourceDate "2018.08.24"]
[SourceVersion "1"]
[SourceVersionDate "2018.08.24"]
[SourceQuality "1"]

1. d4 Nf6 2. c4 e6 3. g3 d5 4. Nf3 Bb4+ 5. Bd2 Be7 6. Bg2 0-0 7. 0-0 dxc4 8. Qa4 Bd7 9. Qxc4 Bc6 10. Nc3 Ne4 11. Bf4 Nxc3 12. Qxc3 Nd7 13. Rac1 Nf6 14. Qc2 Bd6 15. Bg5 h6 16. Bxf6 Qxf6 17. e4 e5 18. d5 Bd7 19. Nd2 b6 20. Kh1 Rac8 21. Nc4 Qe7 22. Rfd1 Kh8 23. Qe2 Bb5 24. Bh3 Rcd8 25. Qh5 Kh7 26. Ne3 g6 27. Qf3 Kg7 28. Nc4 Bc5 29. Qc3 Bxc4 30. Qxc4 a5 31. Rc2 c6 32. Re1 Qd6 33. Rd1 cxd5 34. Rxd5 Qe7 35. Rcd2 Rxd5 36. Qxd5 Bd4 37. Qb3 Rd8 38. Qd1 Rd6 39. Bf1 Bc5 40. Bc4 Rd4 41. Rxd4 Bxd4 42. Qe2 Qg5 43. b3 h5 44. h4 Qf6 45. Kg2 Bc5 46. Bd5 Qe7 47. Qd2 Bb4 48. Qb2 Ba3 49. Qc3 Bb4 50. Qa1 Qf6 51. Qf1 Bc5 52. Qe2 Qe7 53. Bc4 Qf6 54. Qd2 Qd6 55. Qc3 Bd4 56. Qc2 Qf6 57. Bd5 Bc5 58. Qe2 Qe7 59. Qd2 Bb4 60. Qc1 Bc5 61. f3 Qc7 62. f4 Qe7 63. f5 Qf6 64. Qc2 Qd6 65. Qe2 Qf6 66. Qf3 Bd4 67. Kh3 Kh6 68. Qd3 Kg7 69. Qf3 Kh6 70. g4 hxg4+ 71. Kxg4 Kg7 72. Kh3 Bc5 73. Qg4 Be7 74. Qg3 Kh6 75. Qe3+ Kg7 76. Qf2 Bc5 77. Qg3 Kh6 78. Qg4 Be7 79. Bc4 Kg7 80. Qg3 Kh6 81. Qe3+ Kg7 82. Qf2 Bc5 83. Qg3 Be7 84. a4 Kh6 85. Qg4 Kh7 86. Bd5 Kh6 87. Bc4 Kg7 88. Qg3 Kh6 89. Bd3 Kg7 90. Be2 Kh6 91. Qe3+ Kg7 92. Qf2 Bc5 93. Qg3 Kh6 94. Bg4 Be7 95. Qe3+ Kg7 96. Qf2 Bc5 97. Qg3 Kh6 98. Qe1 Be7 99. Qf2 Bc5 100. Qd2+ Kg7 101. h5 gxh5 102. Bxh5 Be7 103. Qf2 Qh6 104. Qg3+ Qg5 105. Bg4 Kf8 106. Qf2 Bc5 107. Qe2 Qe3+ 108. Qxe3 Bxe3 109. Kg2 Ke7 110. Kf3 Bd4 111. Kg3 Kf6 112. Bh5 Ke7 113. Kf3 f6 114. Ke2 Kd6 115. Kd3 Kc5 116. Bf7 Kb4 117. Be6 Kc5 118. Bf7 Kb4 119. Be6 Kc5 1/2-1/2

[Event "Troya op 26th"]
[Site "Canakkale"]
[Date "2018.08.08"]
[Round "4"]
[White "Olcum, Ahmet"]
[Black "Grigoriev, Armen"]
[Result "1-0"]
[WhiteElo "2274"]
[BlackElo "2079"]
[PlyCount "81"]
[EventDate "2018.08.06"]
[EventType "swiss"]
[EventRounds "9"]
[EventCountry "TUR"]
[SourceTitle "CBM 185 Extra"]
[Source "ChessBase"]
[SourceDate "2018.07.29"]
[SourceVersion "1"]
[SourceVersionDate "2018.07.29"]
[SourceQuality "1"]

1. d4 Nf6 2. Bf4 g6 3. Nc3 c5 4. d5 d6 5. e4 Bg7 6. Be2 0-0 7. Nf3 b5 8. Qd3 b4 9. Nd1 Nbd7 10. 0-0 a5 11. Nd2 Nb6 12. c4 bxc3 13. Nxc3 Ba6 14. Qe3 Nh5 15. Bxh5 Bxf1 16. Nxf1 gxh5 17. Ng3 Kh8 18. Nxh5 Rg8 19. Nxg7 Rxg7 20. Ne2 Qd7 21. Ng3 Rag8 22. Qb3 Qc7 23. Bd2 a4 24. Qb5 Qa7 25. Bc3 f6 26. Kh1 Rb8 27. Qe2 Qd7 28. Rd1 Qe8 29. Nf5 Rg6 30. f4 a3 31. b3 Qf7 32. g4 c4 33. bxc4 Rc8 34. Ne3 Nd7 35. g5 Kg8 36. Nf5 Kf8 37. h4 fxg5 38. fxg5 Ke8 39. Rf1 Qg8 40. e5 dxe5 41. Bxe5 1-0

[Event "Enez op"]
[Site "Enez"]
[Date "2018.??.??"]
[Round "8"]
[White "Grigoriev, Armen"]
[Black "Ozcan, Kaan"]
[Result "1/2-1/2"]
[WhiteElo "2107"]
[BlackElo "1587"]
[PlyCount "122"]
[EventDate "2018.09.15"]
[EventType "swiss"]
[EventRounds "9"]
[EventCountry "TUR"]
[SourceTitle "EXT 2019"]
[Source "ChessBase"]
[SourceDate "2018.10.10"]
[SourceVersion "1"]
[SourceVersionDate "2018.10.10"]
[SourceQuality "1"]

1. Nf3 d5 2. e3 Nf6 3. b3 Bg4 4. Bb2 e6 5. h3 Bxf3 6. Qxf3 Nbd7 7. a3 Bd6 8. d3 c6 9. Nd2 0-0 10. g3 Qe7 11. Bg2 Rfe8 12. 0-0 Rac8 13. Qe2 Nc5 14. e4 e5 15. Rfe1 dxe4 16. dxe4 Bc7 17. a4 Ba5 18. c3 Rcd8 19. Nc4 Bc7 20. Ba3 Nfd7 21. Qe3 b6 22. Bf1 Qf6 23. Nd2 Nb7 24. Nf3 Ndc5 25. Rab1 Rd7 26. Nh4 g6 27. Be2 Red8 28. Rf1 Ne6 29. Bc1 Bd6 30. b4 Be7 31. Nf3 Bf8 32. h4 c5 33. Bb5 Rc7 34. bxc5 Nexc5 35. Qe2 Qe6 36. Ng5 Qc8 37. Nf3 Bg7 38. Bg5 f6 39. Bc1 Nd6 40. Nd2 Nxb5 41. Qxb5 Qd7 42. Ra1 Qxb5 43. axb5 Nd3 44. Nf3 Rxc3 45. Be3 Rc7 46. Rfd1 Rcd7 47. Rdb1 Bf8 48. Nd2 Bc5 49. Nc4 Kf7 50. Rd1 Bxe3 51. Nxe3 Nc5 52. Rxa7 Rxa7 53. Rxd8 Nxe4 54. Rb8 Ra1+ 55. Kg2 Ra2 56. Rb7+ Kg8 57. Kf3 Nd2+ 58. Kg4 Ne4 59. Kf3 Nd2+ 60. Kg2 Ne4 61. Kf3 Nd2+ 1/2-1/2

[Event "Mersin op 2nd"]
[Site "Mersin"]
[Date "2017.10.25"]
[Round "6"]
[White "Grigoriev, Armen"]
[Black "Daghan, Devran"]
[Result "1/2-1/2"]
[WhiteElo "2145"]
[BlackElo "2006"]
[PlyCount "74"]
[EventDate "2017.10.22"]
[EventType "swiss"]
[EventRounds "9"]
[EventCountry "TUR"]
[SourceTitle "CBM 181 Extra"]
[Source "ChessBase"]
[SourceDate "2017.12.12"]
[SourceVersion "1"]
[SourceVersionDate "2017.12.12"]
[SourceQuality "1"]

1. Nf3 c5 2. g3 Nc6 3. d4 cxd4 4. Nxd4 g6 5. Bg2 Bg7 6. Nxc6 bxc6 7. 0-0 Nf6 8. e4 0-0 9. e5 Nd5 10. Re1 Bb7 11. Nd2 Qc7 12. Nf3 c5 13. c3 Rad8 14. Qe2 d6 15. e6 f5 16. Ng5 Nf6 17. f3 a5 18. Bd2 Rb8 19. c4 Ba6 20. Bc3 Nd5 21. Bxg7 Kxg7 22. Qc2 Nf6 23. b3 a4 24. Rad1 Rb4 25. Re3 Rfb8 26. f4 axb3 27. axb3 Qa5 28. h3 Qa3 29. Rdd3 Qa1+ 30. Rd1 Qa3 31. Rdd3 Qa1+ 32. Rd1 Qa3 33. Rdd3 h6 34. Nf3 Qa1+ 35. Rd1 Qa3 36. Rdd3 Qa1+ 37. Rd1 Qa3 1/2-1/2

[Event "Mersin op 2nd"]
[Site "Mersin"]
[Date "2017.10.22"]
[Round "1"]
[White "Incecik, Seyma Zeynep"]
[Black "Grigoriev, Armen"]
[Result "0-1"]
[WhiteElo "1699"]
[BlackElo "2145"]
[PlyCount "112"]
[EventDate "2017.10.22"]
[EventType "swiss"]
[EventRounds "9"]
[EventCountry "TUR"]
[SourceTitle "CBM 181 Extra"]
[Source "ChessBase"]
[SourceDate "2017.12.12"]
[SourceVersion "1"]
[SourceVersionDate "2017.12.12"]
[SourceQuality "1"]

1. b3 e5 2. Bb2 Nc6 3. e3 a6 4. c4 Nf6 5. Nc3 d6 6. Nge2 g6 7. d4 Bg7 8. d5 Nb8 9. Nc1 Nbd7 10. Nd3 0-0 11. e4 h6 12. Be2 Nh7 13. Qd2 f5 14. 0-0-0 Qe7 15. h4 Ndf6 16. f3 Nh5 17. g4 fxg4 18. fxg4 Ng3 19. Rh2 Bd7 20. Rg1 Nxe2+ 21. Qxe2 Rf7 22. Nd1 Raf8 23. h5 gxh5 24. gxh5 Ng5 25. Rg3 Rf3 26. Rxf3 Rxf3 27. Ne3 Qf7 28. Bc3 Nxe4 29. Be1 Ng5 30. Bh4 e4 31. Ne1 Be5 32. Nxf3 exf3 33. Qf2 Nh3 34. Rxh3 Bxh3 35. Bg3 Bg7 36. Nf1 Bxf1 37. Qxf1 Qxh5 38. Qe1 Qg5+ 39. Kd1 Qg6 40. Kd2 Qg5+ 41. Kd1 Be5 42. Bf2 h5 43. Qe4 Qg2 44. Qe3 b6 45. b4 Kg7 46. c5 bxc5 47. bxc5 Qg4 48. cxd6 Bxd6 49. Qc3+ Kf7 50. Qc2 Qg6 51. Qb3 Qe4 52. Be3 h4 53. Ke1 h3 54. Kf2 h2 55. Qd1 Qh4+ 56. Kxf3 Qh5+ 0-1

[Event "Istanbul op"]
[Site "Istanbul"]
[Date "2016.09.04"]
[Round "9"]
[White "Grigoriev, Armen"]
[Black "Arat, Ufuk Sezen"]
[Result "1/2-1/2"]
[WhiteElo "2214"]
[BlackElo "2402"]
[PlyCount "200"]
[EventDate "2016.08.29"]
[EventType "swiss"]
[EventRounds "9"]
[EventCountry "TUR"]
[SourceTitle "CBM 174 Extra"]
[Source "ChessBase"]
[SourceDate "2016.10.10"]
[SourceVersion "1"]
[SourceVersionDate "2016.10.10"]
[SourceQuality "1"]

1. Nf3 Nf6 2. d4 g6 3. g3 Bg7 4. Bg2 c5 5. 0-0 cxd4 6. Nxd4 0-0 7. c4 Nc6 8. Nc2 b6 9. Nc3 Bb7 10. b3 Na5 11. e4 d6 12. Rb1 a6 13. Re1 Rc8 14. Bb2 Nd7 15. Nd5 Bxb2 16. Rxb2 e6 17. Ndb4 Qe7 18. Qd2 Rfd8 19. Rbb1 Nc5 20. Rbd1 Nc6 21. Nxc6 Bxc6 22. Nd4 Bb7 23. Qe3 e5 24. Nc2 a5 25. Rd2 Rc7 26. Red1 Rcc8 27. f3 Rb8 28. Bf1 Kg7 29. Bh3 h5 30. Na3 Bc6 31. Nb1 b5 32. cxb5 Rxb5 33. Na3 Rb4 34. Nc4 Nb7 35. Bf1 Qc7 36. Qc3 Rb5 37. Qe3 Be8 38. Kg2 Rc5 39. Be2 Bb5 40. Rd5 Rxd5 41. Rxd5 Bxc4 42. Bxc4 Nc5 43. Rd2 Rb8 44. f4 Nd7 45. Qd3 Rb6 46. Bd5 Nf6 47. Rc2 Qe7 48. Bc6 h4 49. Qc3 Rb4 50. fxe5 dxe5 51. Qc5 Qe6 52. Qe3 h3+ 53. Kg1 Rd4 54. Rc1 Qd6 55. Qf3 Rd2 56. Kh1 Rd3 57. Qe2 Rd2 58. Qf3 Qe6 59. Bb5 Ng4 60. Rc6 Rxh2+ 61. Kg1 Rg2+ 62. Qxg2 Qxc6 63. Bxc6 hxg2 64. Kxg2 Ne3+ 65. Kf2 Nc2 66. Bb5 Kh6 67. Bd3 Nd4 68. Ke3 Kg5 69. Kf2 Kg4 70. Bc4 f5 71. Bf7 Kg5 72. exf5 gxf5 73. Bc4 e4 74. Bd5 Kf6 75. Bb7 Ke5 76. Ke3 Ne6 77. Ba6 Ng7 78. Bc8 Ne8 79. Ba6 Nf6 80. Bc4 Nh5 81. Kf2 Kd4 82. Bf7 e3+ 83. Kf3 Nf6 84. a3 Ne4 85. Be8 Nd2+ 86. Ke2 Nxb3 87. Bd7 Nc1+ 88. Kd1 e2+ 89. Kd2 Ke4 90. Bc6+ Kd4 91. Bd7 Ke5 92. Bc8 Ke4 93. Bb7+ Kd4 94. Bc8 Ke5 95. Ba6 Kd5 96. Bc8 Ke4 97. Bb7+ Ke5 98. Ba6 Kd4 99. Bc8 Ke5 100. Ba6 Kd4 1/2-1/2

[Event "Istanbul op"]
[Site "Istanbul"]
[Date "2016.09.03"]
[Round "8"]
[White "Yaramis, Hakan"]
[Black "Grigoriev, Armen"]
[Result "0-1"]
[WhiteElo "2030"]
[BlackElo "2214"]
[PlyCount "118"]
[EventDate "2016.08.29"]
[EventType "swiss"]
[EventRounds "9"]
[EventCountry "TUR"]
[SourceTitle "CBM 174 Extra"]
[Source "ChessBase"]
[SourceDate "2016.10.10"]
[SourceVersion "1"]
[SourceVersionDate "2016.10.10"]
[SourceQuality "1"]

1. d4 g6 2. g3 Bg7 3. Bg2 Nf6 4. Nf3 0-0 5. 0-0 d6 6. c4 Nbd7 7. Nc3 e5 8. e4 exd4 9. Nxd4 Nc5 10. h3 Re8 11. Re1 a5 12. Nb3 Ne6 13. Be3 a4 14. Nd2 a3 15. b3 Nd7 16. Rc1 Nec5 17. Bxc5 Nxc5 18. Qc2 c6 19. Rcd1 Qf6 20. Ndb1 Ne6 21. Qd3 Rd8 22. Na4 Bf8 23. Nb6 Ra6 24. Nxc8 Rxc8 25. f4 Raa8 26. Re2 Rd8 27. Kh2 Bg7 28. Red2 Nc5 29. Qe3 Bf8 30. b4 Ne6 31. f5 Ng7 32. fxg6 hxg6 33. Rf2 Qe5 34. Nd2 Nh5 35. Qf3 Qe7 36. Nb3 Bg7 37. Nd4 Be5 38. Ne2 Rf8 39. Nf4 Ng7 40. Rd3 Ra4 41. Rb3 Ne6 42. Nxe6 Qxe6 43. Qd3 Kg7 44. Qc2 f6 45. Bf1 Rh8 46. Qd3 Rh5 47. Rf3 Ra8 48. Kg1 Rxh3 49. Bxh3 Qxh3 50. Qf1 Bd4+ 51. Rbe3 Qg4 52. Qd3 Bxe3+ 53. Rxe3 Qe6 54. c5 dxc5 55. bxc5 Qxa2 56. e5 fxe5 57. Qc3 Qb2 58. Qe1 a2 59. Rxe5 a1Q 0-1

[Event "Istanbul op"]
[Site "Istanbul"]
[Date "2016.09.02"]
[Round "6"]
[White "Grigoriev, Armen"]
[Black "Benidze, Davit"]
[Result "0-1"]
[WhiteElo "2214"]
[BlackElo "2475"]
[PlyCount "58"]
[EventDate "2016.08.29"]
[EventType "swiss"]
[EventRounds "9"]
[EventCountry "TUR"]
[SourceTitle "CBM 174 Extra"]
[Source "ChessBase"]
[SourceDate "2016.10.10"]
[SourceVersion "1"]
[SourceVersionDate "2016.10.10"]
[SourceQuality "1"]

1. Nf3 Nf6 2. g3 g6 3. Bg2 Bg7 4. 0-0 0-0 5. c4 d6 6. Nc3 e5 7. d3 Nc6 8. Rb1 h6 9. h3 Be6 10. e4 Nh7 11. Nd5 Ne7 12. d4 Nc6 13. Be3 Ng5 14. Bxg5 hxg5 15. Nxc7 Qxc7 16. d5 g4 17. hxg4 Bxg4 18. dxc6 bxc6 19. Qd3 Rad8 20. Nd2 Be6 21. Rbd1 f5 22. Bf3 Rd7 23. Qe2 Rdf7 24. exf5 gxf5 25. Nb3 Rf6 26. Rfe1 e4 27. Bg2 c5 28. Nd2 Rg6 29. Nb3 Be5 0-1

[Event "Troya op 23rd"]
[Site "Canakkale"]
[Date "2015.08.14"]
[Round "8"]
[White "Ahadzade, Kanan"]
[Black "Grigoriev, Armen"]
[Result "0-1"]
[WhiteElo "1903"]
[BlackElo "2235"]
[PlyCount "128"]
[EventDate "2015.08.08"]
[EventType "swiss"]
[EventRounds "9"]
[EventCountry "TUR"]
[SourceTitle "CBM 167 Extra"]
[Source "ChessBase"]
[SourceDate "2015.09.14"]
[SourceVersion "1"]
[SourceVersionDate "2015.09.14"]
[SourceQuality "1"]

1. e4 Nf6 2. Nc3 e5 3. g3 Nc6 4. Bg2 Bc5 5. Nge2 0-0 6. 0-0 a6 7. a4 d6 8. d3 Bd7 9. h3 h6 10. Kh2 Nd4 11. f4 c6 12. Nxd4 Bxd4 13. Ne2 Ba7 14. f5 d5 15. g4 dxe4 16. dxe4 Bc5 17. Ng3 Be7 18. g5 hxg5 19. Bxg5 Nh7 20. Bxe7 Qxe7 21. f6 gxf6 22. Nf5 Bxf5 23. Rxf5 Kh8 24. Rh5 Rg8 25. Ra3 Rg7 26. Bf3 f5 27. exf5 e4 28. Bg4 Kg8 29. Qd2 Qe5+ 30. Rg3 Qxb2 31. f6 Qxf6 32. Bf5 Nf8 33. Rxg7+ Kxg7 34. Bxe4 Rd8 35. Qg2+ Ng6 36. Rf5 Qd6+ 37. Kh1 Qd4 38. Rg5 Rd6 39. h4 Re6 40. Rg4 f5 41. Bxf5 Re1+ 42. Kh2 Qe5+ 43. Qg3 Re2+ 44. Kh1 Qxf5 45. Kg1 Re1+ 46. Qxe1 Qxg4+ 47. Kf1 Qxh4 48. Qe8 Qe7 49. Qb8 a5 50. c3 Ne5 51. Qa8 Nc4 52. Qc8 Nd6 53. Qg4+ Kf8 54. Qd4 Ke8 55. Qc5 Qf7+ 56. Ke1 Qd5 57. Qg1 Qe5+ 58. Kd1 Kd7 59. Kc2 Kc7 60. Qg8 Ne4 61. Qf7+ Kb8 62. Qg8+ Ka7 63. Qg1+ Qc5 64. Qe1 Qxc3+ 0-1

[Event "Troya op 23rd"]
[Site "Canakkale"]
[Date "2015.08.13"]
[Round "7"]
[White "Grigoriev, Armen"]
[Black "Chigladze, Iveri"]
[Result "1/2-1/2"]
[WhiteElo "2235"]
[BlackElo "2341"]
[PlyCount "160"]
[EventDate "2015.08.08"]
[EventType "swiss"]
[EventRounds "9"]
[EventCountry "TUR"]
[SourceTitle "CBM 167 Extra"]
[Source "ChessBase"]
[SourceDate "2015.09.14"]
[SourceVersion "1"]
[SourceVersionDate "2015.09.14"]
[SourceQuality "1"]

1. e4 e6 2. d4 d5 3. Nc3 dxe4 4. Nxe4 Nd7 5. Nf3 Ngf6 6. Bg5 Be7 7. Nxf6+ Bxf6 8. Bxf6 Nxf6 9. Bc4 0-0 10. 0-0 b6 11. Qe2 Bb7 12. Rad1 Qd6 13. Ba6 Be4 14. Ne5 c5 15. Nc4 Qc7 16. Ne3 h6 17. c3 Rad8 18. dxc5 Qxc5 19. Bc4 Nd5 20. Bxd5 Bxd5 21. Nxd5 Rxd5 22. c4 Re5 23. Qd3 Rc8 24. b3 a6 25. g3 b5 26. cxb5 axb5 27. Rd2 b4 28. Rfd1 Rd5 29. Qe2 Rcd8 30. Rxd5 exd5 31. Rd3 d4 32. Kg2 Qd5+ 33. Qf3 Qe5 34. h4 f5 35. g4 Qe4 36. gxf5 Qxh4 37. Qb7 Qf4 38. Rf3 Qg5+ 39. Rg3 Qf6 40. Qxb4 Kh8 41. Qb5 Qd6 42. Qd3 Qd5+ 43. Kh2 Qe5 44. Kg2 Qd5+ 45. Kh2 Qe5 46. Kg2 Qd5+ 47. Kh2 Qe5 48. Kg1 Rf8 49. Rg4 Rd8 50. a4 Rd5 51. Re4 Qf6 52. Rg4 h5 53. Rg6 Qxf5 54. Qxf5 Rxf5 55. Rd6 Rf3 56. b4 Ra3 57. a5 d3 58. Kg2 Ra4 59. Rxd3 Rxb4 60. Ra3 Rb7 61. Kf3 Kh7 62. a6 Ra7 63. Ke4 g5 64. Kd5 h4 65. Kc5 Kg6 66. Kb6 Ra8 67. Kb7 Rf8 68. a7 g4 69. Ra5 Rf7+ 70. Kc6 Rf6+ 71. Kb5 Rf8 72. a8Q Rxa8 73. Rxa8 Kf5 74. Kc4 Ke4 75. Kc3 Kf3 76. Rf8+ Kg2 77. Kd2 h3 78. Ke3 h2 79. Rh8 h1Q 80. Rxh1 Kxh1 1/2-1/2

[Event "Istanbul Kartal op"]
[Site "Istanbul"]
[Date "2015.06.25"]
[Round "4"]
[White "Kiremitciyan, Ari"]
[Black "Grigoriev, Armen"]
[Result "1/2-1/2"]
[WhiteElo "1930"]
[BlackElo "2187"]
[PlyCount "137"]
[EventDate "2015.06.23"]
[EventType "swiss"]
[EventRounds "9"]
[EventCountry "TUR"]
[SourceTitle "CBM 167 Extra"]
[Source "ChessBase"]
[SourceDate "2015.09.14"]
[SourceVersion "1"]
[SourceVersionDate "2015.09.14"]
[SourceQuality "1"]

1. e4 e5 2. Nf3 Nc6 3. d4 d6 4. Bc4 Be7 5. h3 Nf6 6. Nc3 0-0 7. 0-0 Nxe4 8. Nxe4 d5 9. Nxe5 Nxe5 10. dxe5 dxc4 11. Qxd8 Bxd8 12. g4 Re8 13. Rd1 Be7 14. f4 Bf8 15. Be3 f5 16. Nf2 Be6 17. c3 Kf7 18. Kg2 b5 19. a3 Be7 20. Kf3 g6 21. gxf5 gxf5 22. Nh1 a5 23. Ng3 c6 24. Nh5 Bd5+ 25. Ke2 Rg8 26. Rg1 Rg6 27. Nf6 Bxf6 28. exf6 Re8 29. Rxg6 hxg6 30. Kf2 Kxf6 31. Bd4+ Ke6 32. Rg1 Kf7 33. Re1 Be4 34. Bb6 Ra8 35. Rd1 Bd5 36. Re1 Be4 37. Rd1 Bd3 38. Re1 b4 39. cxb4 axb4 40. axb4 Be4 41. Rd1 Ra2 42. Bd4 Ra8 43. Bb6 Bd3 44. Re1 Rh8 45. Kg3 Be4 46. Rd1 Bd3 47. Re1 Rg8 48. h4 Ra8 49. Kf2 Ra2 50. Bd4 Be4 51. Rd1 Ra8 52. Bb6 Ke6 53. Bc5 Ra2 54. Bd4 Bd3 55. Re1+ Kf7 56. Bc3 Ra7 57. Bd4 Rd7 58. Ke3 Rb7 59. Bc5 Rb8 60. Kd4 Rd8+ 61. Kc3 Be4 62. Bd4 Bd5 63. Bc5 Be6 64. Bd4 Ra8 65. Bc5 Rh8 66. Bf2 Rd8 67. Bd4 Bd5 68. Ra1 Rd7 69. Ra7 1/2-1/2

[Event "Gebze op 5th"]
[Site "Kocaeli"]
[Date "2014.09.25"]
[Round "9"]
[White "Grigoriev, Armen"]
[Black "Turan, Okan"]
[Result "1-0"]
[WhiteElo "2199"]
[BlackElo "1763"]
[PlyCount "57"]
[EventDate "2014.09.20"]
[EventType "swiss"]
[EventRounds "9"]
[EventCountry "TUR"]
[SourceTitle "CBM 162 Extra"]
[Source "ChessBase"]
[SourceDate "2014.10.17"]
[SourceVersion "1"]
[SourceVersionDate "2014.10.17"]
[SourceQuality "1"]

1. d4 Nf6 2. Nf3 g6 3. g3 Bg7 4. Bg2 0-0 5. 0-0 d5 6. c3 Re8 7. Ne5 c6 8. f4 Bf5 9. Nd2 Qc8 10. Qb3 Rd8 11. Ndf3 h6 12. Be3 Ne4 13. Nh4 Bh3 14. Bxe4 Bxe5 15. fxe5 Bxf1 16. Rxf1 Qg4 17. Bf3 Qc8 18. Bxh6 Nd7 19. e6 Nf6 20. exf7+ Kxf7 21. e4 Rh8 22. Bg5 Kg7 23. e5 Nh5 24. Bxe7 Nxg3 25. Bf6+ Kg8 26. hxg3 Rh6 27. Bxd5+ cxd5 28. Qxd5+ Kh7 29. Qb3 1-0

[Event "Gebze op 5th"]
[Site "Kocaeli"]
[Date "2014.09.23"]
[Round "6"]
[White "Ozalp, Burak"]
[Black "Grigoriev, Armen"]
[Result "1-0"]
[WhiteElo "2015"]
[BlackElo "2199"]
[PlyCount "103"]
[EventDate "2014.09.20"]
[EventType "swiss"]
[EventRounds "9"]
[EventCountry "TUR"]
[SourceTitle "CBM 162 Extra"]
[Source "ChessBase"]
[SourceDate "2014.10.17"]
[SourceVersion "1"]
[SourceVersionDate "2014.10.17"]
[SourceQuality "1"]

1. d4 Nf6 2. Nc3 d5 3. Bg5 Nbd7 4. f3 c6 5. e4 dxe4 6. fxe4 e5 7. dxe5 Qa5 8. Bxf6 gxf6 9. e6 fxe6 10. Qg4 Ne5 11. Qh5+ Ke7 12. Be2 Bd7 13. 0-0-0 Be8 14. Qh4 Ng6 15. Qe1 Kf7 16. Nf3 Bb4 17. Rf1 Kg7 18. Bc4 Bf7 19. e5 Rhd8 20. exf6+ Kh8 21. Qe3 Qb6 22. Qxb6 axb6 23. Ng5 Kg8 24. Nce4 h6 25. Nxf7 Kxf7 26. a3 Bf8 27. Bb3 b5 28. Rde1 Re8 29. c4 bxc4 30. Bxc4 b5 31. Bb3 c5 32. Rd1 Red8 33. Rxd8 Rxd8 34. Rd1 Rxd1+ 35. Bxd1 Nf4 36. g3 Nd3+ 37. Kc2 Ne5 38. Bh5+ Kg8 39. h4 c4 40. g4 b4 41. a4 Nc6 42. g5 Nd4+ 43. Kb1 c3 44. bxc3 bxc3 45. Nxc3 Bb4 46. Ne4 Bf8 47. Nc3 Bb4 48. Ne4 Be1 49. f7+ Kf8 50. gxh6 Bb4 51. Ng5 Ke7 52. h7 1-0

[Event "Gebze op 5th"]
[Site "Kocaeli"]
[Date "2014.09.22"]
[Round "5"]
[White "Grigoriev, Armen"]
[Black "Demircin, Kasim"]
[Result "1/2-1/2"]
[WhiteElo "2199"]
[BlackElo "1983"]
[PlyCount "218"]
[EventDate "2014.09.20"]
[EventType "swiss"]
[EventRounds "9"]
[EventCountry "TUR"]
[SourceTitle "CBM 162 Extra"]
[Source "ChessBase"]
[SourceDate "2014.10.17"]
[SourceVersion "1"]
[SourceVersionDate "2014.10.17"]
[SourceQuality "1"]

1. c4 Nf6 2. Nf3 e6 3. b3 Be7 4. Bb2 0-0 5. e3 b6 6. d4 Bb7 7. Bd3 c5 8. dxc5 bxc5 9. 0-0 d6 10. Nc3 e5 11. Nd2 Nbd7 12. Qe2 Bc6 13. Rad1 Qb6 14. Bc2 Qb7 15. f3 Rad8 16. Nde4 Nxe4 17. Bxe4 Bxe4 18. Nxe4 Nb6 19. Nc3 f5 20. Rd2 f4 21. exf4 Rxf4 22. Ne4 Qc7 23. Rfd1 Rff8 24. Rd3 Kh8 25. Qd2 Nc8 26. Bc3 Rde8 27. Ba5 Qc6 28. Rd5 Rf5 29. Rd3 h6 30. Qe1 Ref8 31. Bc3 Qe8 32. Bd2 Qg6 33. Qg3 Qh7 34. Ba5 Rf4 35. Bc7 Bh4 36. Qh3 Rxe4 37. fxe4 Qxe4 38. Rf3 Bf6 39. Ba5 Qc2 40. Rd2 Qe4 41. Qf5 Qe1+ 42. Rf1 Qe3+ 43. Qf2 Bg5 44. Qxe3 Bxe3+ 45. Rff2 Kg8 46. Kf1 Rxf2+ 47. Rxf2 Bxf2 48. Kxf2 Kf7 49. Kf3 Ke6 50. Ke4 Ne7 51. Bc3 Ng8 52. h3 Nf6+ 53. Kd3 d5 54. cxd5+ Nxd5 55. Bb2 Nb6 56. Ke4 Nd7 57. g4 Nf6+ 58. Kd3 Kd5 59. Ke3 Ne4 60. h4 Nf6 61. Kf3 g6 62. Bc1 h5 63. gxh5 gxh5 64. Bb2 Ne4 65. Bc1 Nc3 66. a3 Ne4 67. Ke3 Nd6 68. Kd3 Nf5 69. Bg5 Nd4 70. Kc3 Nb5+ 71. Kb2 e4 72. a4 Nd4 73. Kc3 Ne2+ 74. Kd2 Nd4 75. Kc3 Nf5 76. Bf6 a6 77. Bg5 Nd6 78. Be3 c4 79. b4 Nf5 80. Bg5 Nd4 81. Be3 Nf5 82. Bg5 e3 83. b5 axb5 84. axb5 e2 85. Kd2 Nd4 86. b6 c3+ 87. Ke1 Kc6 88. Be3 c2 89. Kf2 Kb7 90. Ke1 Nf5 91. Bd2 Ng3 92. Be3 Kc6 93. Kf2 Nf5 94. Bd2 Nd4 95. Be3 Nf5 96. Bf4 Kxb6 97. Kxe2 Nd4+ 98. Kd3 Kc5 99. Be3 Kd5 100. Kd2 Nf5 101. Bg5 Nd4 102. Bf6 Nf3+ 103. Kxc2 Ke4 104. Kd1 Ke3 105. Bd8 Kf2 106. Bf6 Kf1 107. Bd8 Kf2 108. Bf6 Ke3 109. Bd8 Nxh4 1/2-1/2